000 00855nam a2200265Ia 4500
003 OSt
005 20221005062206.0
006 a|||||r|||| 00| 0
007 ta
008 221004b |||||||| |||| 00| 0 eng d
020 _a9780415630009 (hbk)
_c8565.29
024 _a22388
037 _b383, 09/03/2015, Ansh Book International
_cTextual
040 _aCRL
_cCRL
_beng
041 _2eng
_aeng
082 _aX:77.6, Q3
100 _aSen Kunal Ed.
_9459625
245 0 _aState - business relations and economic development in Africa and India
260 _aLondon
_bRoutledge UK
_c2013
300 _axix, 214p.
_ccm.
490 _aRoutledge - ERIA studies in development economics
650 _aECONOMICS
942 _hX:77.6, Q3
_cTEXL
_2cc
999 _c969336
_d969336